| 000 | 01131cam a2200277 i 4500 | ||
|---|---|---|---|
| 003 | SA-RiAUC | ||
| 005 | 20250104081905.0 | ||
| 008 | 250103s1995 su g 000r0 ara c | ||
| 020 | _a9960280535 | ||
| 040 |
_aSA-RiAUC _bara _cSA-RiAUC _erda |
||
| 082 | 0 | 4 | _a259 |
| 090 |
_a259 _bع ف ي |
||
| 100 | 1 |
_aعفيفي، عبد الرزاق، _d1905-1994 _eمؤلف. |
|
| 245 | 1 | 0 |
_aحوار علمي مع سماحة الشيخ عبد الرازق عفيفي رحمه الله تعالى عضو هيئة كبار العلماء في سؤال وجواب / _cإعداد السعيد بن صابر بن عبده. |
| 250 | _aالطبعة الأولى. | ||
| 264 | 1 |
_aالرياض : _bدار الوطن للنشر، _c[1995] |
|
| 300 |
_a71 صفحة ؛ _c24 سم |
||
| 336 |
_aنص _btxt _2rdacontent _3كتاب |
||
| 337 |
_aبدون وسيط _bn _2rdamedia |
||
| 338 |
_aمجلد _bnc _2rdacarrier |
||
| 650 | 7 |
_aالفقه الإسلامي _2aucsh |
|
| 650 | 7 |
_aالفقه الإسلامي _2aucsh |
|
| 700 | 1 |
_aعبده، السعيد بن صابر _eمعد. |
|
| 942 |
_2ddc _cBOOK _n0 |
||
| 949 |
_aSA-JeALM _d250103 _umohamedma123 _n1 |
||
| 999 |
_c4437 _d4437 |
||